000 00385nam a2200169Ia 4500
005 20250603144418.0
008 250603s9999 xx 000 0 und d
050 _aHF 5415.13 .K68
100 _aKotler, Philip
245 2 _aA framework for marketing management
250 _a6th ed.
260 _aIndia
260 _bPearson
260 _c2016
300 _a344 p
942 _cBK
999 _c38841
_d38841